000 00372 a2200169 4500
001 184893
020 _a85-85672-46-3
040 _cMagnum
100 _aAlvarenga, Terezinha
240 1 0 _aTô pedindo trabalho
_lpor
245 1 0 _aTô pedindo trabalho
300 _a39
362 0 _a1981
440 1 _aMiguilim
697 _aLITERATURA INFANTO-JUVENIL
942 _cBK
999 _c184893
_d184893